000 00563nas a2200217 i 4500
001 1114
003 ES-MaACL
005 20250217134032.0
007 t|
008 950801d19211926cu | | 1 ||pa d
080 _a729.1
245 0 0 _aEspaña nueva
_b: semanario de la vida española.
260 _aHabana :
_b[s.n.],
_c1921-1926.
300 _a1 v. ;
_c30 cm.
310 _aSemanal
362 0 _a1 (5 nov. 1921)-(1926)
650 1 4 _aRevistas de información general.
_916896
852 _aES-MaACL
_jHem-534
866 0 _o1924.
999 _c1114
_d1114